| 000 | 00312 a2200121 4500 | ||
|---|---|---|---|
| 001 | 76698 | ||
| 082 | _a150.28722 MAN | ||
| 090 |
_c39217 _d39217 |
||
| 100 | _aTahir Mansoor Farooqi | ||
| 245 |
_aPhychological Tests & Interview aur Tehreeri Imtehaan _hUrdu |
||
| 260 |
_aLahore _bTehkikaat |
||
| 300 | _a336p | ||
| 942 |
_aCAE NUST _k150.28722 MAN |
||
| 999 |
_c311771 _d311771 |
||